| 000 | 00635nam a2200181Ia 4500 | ||
|---|---|---|---|
| 003 | IN-BaIIA | ||
| 008 | 211028s9999 xx 000 0 eng d | ||
| 040 | _cIIA Library | ||
| 080 |
_a043:524-726 _bSIN |
||
| 100 |
_aSincell Mark, William _919556 |
||
| 245 | 0 |
_aInduced compton scattering by relativistic electrons in magnetized astrophysical plasmas. _cWilliam Sincell Mark |
|
| 260 |
_aMichigan _bUMI Dissertations Series _c1994 |
||
| 300 | _aix,109p. | ||
| 650 |
_aAstrophysical Plasmas _918824 |
||
| 650 |
_aCompton scattering _99673 |
||
| 650 |
_aRelativistic Electrons _919557 |
||
| 942 | _cBK | ||
| 999 |
_c11369 _d11369 |
||